|
|
|
|
| LEADER |
00000nam a22000007a 4500 |
| 005 |
20190930215747.0 |
| 007 |
cr|||| |||| |
| 008 |
190930s2019 co |||||s|||| 00||0 spa d |
| 020 |
|
|
|a 9786139405664
|
| 035 |
|
|
|a 25382
|
| 040 |
|
|
|a vLex
|
| 090 |
|
|
|c 9669
|d 9669
|
| 100 |
1 |
|
|a Adame Erazo, Johana Carolina
|
| 245 |
1 |
2 |
|a El Procedimiento Contencioso Electrn̤ico
|h [Recurso electrn̤ico] /
|c Johana Carolina Adame Erazo
|
| 256 |
|
|
|a Servicio en ln̕ea
|
| 260 |
|
|
|a Bogot:̀
|b Editorial Acadm̌ica Espaǫla,
|c 2019
|
| 300 |
|
|
|a 1 recurso electrn̤ico
|
| 500 |
|
|
|a El objetivo principal de esta investigacin̤ es examinar el procedimiento contencioso electrn̤ico en el arbitraje de los contratos estatales frente a la proteccin̤ del derecho al consumo. El texto est ̀dividido en dos partes. En la primera parte se presentan los cambios en los procedimientos contenciosos administrativos en Colombia y algunos pas̕es de Amřica Latina en la l︢tima dčada del siglo XX. En un primer capt̕ulo se examinan las innovaciones en el derecho administrativo en Colombia y en el segundo capt̕ulo se seąlan algunos aspectos bs̀icos del derecho electrn̤ico frente a pas̕es como Chile, Argentina y Espaą. En la segunda parte de la investigacin̤ se pretende describir el arbitraje en la contratacin̤ estatal en el marco de la legislacin̤ colombiana sobre los procedimientos electrn̤icos. En un primer momento se examinan los antecedentes histr̤icos del arbitraje, posteriormente se hace una aproximacin̤ de los contratos estatales con la aplicacin̤ de las TIC y finalmente se analiza la proteccin̤ del derecho al consumo en el arbitraje de la contratacin̤ estatal.
|
| 506 |
1 |
|
|a Disponible solo en los productos indicados
|d vLex Global
|d vLex Global (Academic Edition, excluding Law Schools)
|d vLex Global (U.S. Academic Edition, Law Schools)
|d vLex Global (U.S. Academic Edition, excluding Law Schools)
|d vLex Global (Academic Edition, Law Schools)
|
| 650 |
0 |
4 |
|a Derecho Pb︢lico y Administrativo
|z Colombia
|
| 740 |
0 |
|
|a vLex Libros (Servicio en ln̕ea)
|
| 856 |
4 |
0 |
|u http://vlex.com/source/25382
|z Acceso restringido
|
| 942 |
|
|
|c BOOK
|
| 999 |
0 |
|
|a Public and Administrative Law
|